Normal view MARC view

Entry Personal Name

Number of records used in: 1

001 - CONTROL NUMBER

  • control field: 8038

003 - CONTROL NUMBER IDENTIFIER

  • control field: OSt

005 - DATE AND TIME OF LATEST TRANSACTION

  • control field: 20211028144335.0

008 - FIXED-LENGTH DATA ELEMENTS

  • fixed length control field: 211028|| aca||aabn | a|a d

040 ## - CATALOGING SOURCE

  • Original cataloging agency: OSt
  • Transcribing agency: OSt

100 ## - HEADING--PERSONAL NAME

  • Personal name: Dcunha, Deril; Kamath, T Ramesh.
  • Miscellaneous information: 1716059

670 ## - SOURCE DATA FOUND

  • Source citation: Work cat.: (OSt): Dcunha, Deril; Kamath, T Ramesh. 1716059, Effectiveness of promotional strategies adopted by Campco Limited Puttur., 2019